<?xml version="1.0" encoding="UTF-8"?><?xml-stylesheet type="text/xsl" href="static/style.xsl"?><OAI-PMH xmlns="http://www.openarchives.org/OAI/2.0/" xmlns:xsi="http://www.w3.org/2001/XMLSchema-instance" xsi:schemaLocation="http://www.openarchives.org/OAI/2.0/ http://www.openarchives.org/OAI/2.0/OAI-PMH.xsd"><responseDate>2026-04-27T20:18:52Z</responseDate><request verb="GetRecord" identifier="oai:uvadoc.uva.es:10324/61302" metadataPrefix="marc">https://uvadoc.uva.es/oai/request</request><GetRecord><record><header><identifier>oai:uvadoc.uva.es:10324/61302</identifier><datestamp>2023-09-01T19:01:55Z</datestamp><setSpec>com_10324_38</setSpec><setSpec>col_10324_852</setSpec></header><metadata><record xmlns="http://www.loc.gov/MARC21/slim" xmlns:doc="http://www.lyncode.com/xoai" xmlns:xsi="http://www.w3.org/2001/XMLSchema-instance" xmlns:dcterms="http://purl.org/dc/terms/" xsi:schemaLocation="http://www.loc.gov/MARC21/slim http://www.loc.gov/standards/marcxml/schema/MARC21slim.xsd">
<leader>00925njm 22002777a 4500</leader>
<datafield tag="042" ind1=" " ind2=" ">
<subfield code="a">dc</subfield>
</datafield>
<datafield tag="720" ind1=" " ind2=" ">
<subfield code="a">Alonso Herrera, Paula</subfield>
<subfield code="e">author</subfield>
</datafield>
<datafield tag="260" ind1=" " ind2=" ">
<subfield code="c">2023</subfield>
</datafield>
<datafield tag="520" ind1=" " ind2=" ">
<subfield code="a">Se pretende realizar un estudio biomecánico de la marcha a través de un sistema de visión artificial como VICON para analizar la marcha de un sujeto con secuelas de debilidad muscular tras padecer el síndrome de Guillain-Barré. Además, se utilizarán técnicas como la realización de ensayos de histéresis con las gomas de la ortesis del paciente y medición de la deformación de la goma mediante sensores a lo largo de la marcha. Finalmente, con los resultados de los ensayos y las gráficas comparativas de la marcha patológica con la normal, se tratará de extraer información que nos permita valorar al paciente.</subfield>
</datafield>
<datafield tag="024" ind2=" " ind1="8">
<subfield code="a">https://uvadoc.uva.es/handle/10324/61302</subfield>
</datafield>
<datafield ind1=" " ind2=" " tag="653">
<subfield code="a">Marcha</subfield>
</datafield>
<datafield tag="245" ind1="0" ind2="0">
<subfield code="a">Análisis de la marcha mediante técnicas de visión artificial. Aplicación a pacientes infantiles con patología neuro-ortopédica.</subfield>
</datafield>
</record></metadata></record></GetRecord></OAI-PMH>